000 00270nam a22001337a 4500
008 171031b xxu||||| |||| 00| 0 eng d
020 _a039535694
041 _aeng
080 _a33
100 _a59
101 _aBUS
245 _aBUSINESS
_cREECE.O
942 _2udc
_cBK
999 _c36883
_d36883